000 00709nam a2200229 a 4500
001 000011239
005 20240412074224.0
008 091015s1986 dr 001 p spa d
040 _aDO-SdBNP
_bspa
_cBNPHU
082 _aRD861.44
_bS944b
100 0 _aSueko
_920568
245 1 3 _aLa búsqueda del tiempo /
_cSueko.
260 _aSanto Domingo :
_bBiblioteca Nacional,
_c1986.
300 _a129 p. ;
_c21 cm.
490 1 _aOrfeo
590 _aPerteneció a la biblioteca personal de Juan Isidro Jimenes Grullón.
590 _aInventariado, 2019/LP
650 0 _aPoesía dominicana
_966
650 0 _aLiteratura dominicana.
_967
830 0 _aOrfeo
_918812
910 _aValidado. Control de calidad BNPHU
999 _c10958
_d10958